| 000 | 01618cam a22004574i 4500 | ||
|---|---|---|---|
| 003 | PE-LiUPU | ||
| 005 | 20250731180131.0 | ||
| 008 | 150625s r 000 0 d | ||
| 035 | _a(Sirsi) a36948 | ||
| 040 |
_aPE-LiUPU _bspa _cPE-LiUPU _erda |
||
| 082 | 0 | 4 |
_a501 _bS487f _221 |
| 100 | 1 |
_aSerrano, Jorge A., _eautor. |
|
| 245 | 1 | 0 |
_aFilosofía de la Ciencia / _cJorge A. Serrano. |
| 264 | 1 |
_aMexico : _bTrillas, _c1992. |
|
| 300 |
_a297 páginas ; _c23 centímetros. |
||
| 336 |
_atext _2rdacontent |
||
| 337 |
_aunmediated _2rdamedia |
||
| 338 |
_avolume _2rdacarrier |
||
| 504 | _aBibliografía: páginas 285 al 286. | ||
| 505 | _aHISTORIA DE LA CIENCIA -- Renacimiento -- Época moderna -- Época contemporánea -- GRANDES METODOLOGÍAS ACTUALES -- El inductivismo -- El convencionalismo -- El falsacionismo -- Metodología de los programas de investigación científica -- Las revoluciones científicas o los paradigmas en la ciencia -- La espistemología genética de Jean Piaget -- FILOSOFÍA DE LA CIENCIA Y EPISTEMOLOGÍA -- El fenómeno de la ciencia -- El método científico -- Filosofía de la ciencia y epistemología. | ||
| 526 | _aSEG44 | ||
| 526 | _aSEG26 | ||
| 526 | _aP159 | ||
| 526 | _aP155 | ||
| 526 | _aP154 | ||
| 526 | _aP153 | ||
| 526 | _aP150 | ||
| 526 | _aP100 | ||
| 526 | _aP31 | ||
| 526 | _aP30 | ||
| 526 | _aP26 | ||
| 526 | _aP25 | ||
| 526 | _aP24 | ||
| 526 | _aP22 | ||
| 526 | _aP15 | ||
| 526 | _aP10 | ||
| 650 | 1 | 4 |
_aCiencia _xFilosofía _91406 |
| 942 |
_2ddc _cBK |
||
| 999 |
_c45076 _d45076 |
||
| 980 |
_81 _gALBERTO SANCHEZ Responsable de Automatización |
||